A Textbook of Community Health Nursing / (Record no. 34)

MARC details
000 -LEADER
Fixed length control field 00502nam a2200193Ia 4500
003 - CONTROL NUMBER IDENTIFIER
Control field IIN
005 - DATE AND TIME OF LATEST TRANSACTION
Control field 20240201123246.0
008 - FIXED-LENGTH DATA ELEMENTS--GENERAL INFORMATION
Fixed length control field 231217s9999 xx 000 0 und d
020 ## - INTERNATIONAL STANDARD BOOK NUMBER / ISBN
Price Rs.825.00
International Standard Book Number 9788190938549
040 ## - CATALOGING SOURCE
Original cataloging agency IIN
Language of cataloging English
082 ## - DEWEY DECIMAL CLASSIFICATION NUMBER
Classification number 610.7343
Book Number KUM
100 1# - MAIN ENTRY--PERSONAL NAME
Personal name Kumari, Neelam
245 #2 - TITLE STATEMENT
Title A Textbook of Community Health Nursing /
Statement of responsibility Neelam Kumari
250 ## - EDITION STATEMENT
Edition statement 5th ed
260 ## - IMPRINT
Name of publisher PV
Place of publication Jalandhar
Date of publication 2017
300 ## - PHYSICAL DESCRIPTION
Page / Vol. No 683 p. / V.1
650 1# - SUBJECT ADDED ENTRY--TOPICAL TERM
Topical term Community Health Nursing
942 ## - ADDED ENTRY ELEMENTS (KOHA)
Koha item type Books
Holdings
Withdrawn status Lost status Source of classification Damaged status Not for loan Collection code Home library Current library Date acquired Price Total Checkouts Call number Accession number Date last seen Copy number Price effective from Koha item type
    Dewey Decimal Classification       IDEAL INSTITUTE OF NURSING IDEAL INSTITUTE OF NURSING 17/12/2023 825.00   610.7343 KUM 29 17/12/2023 Vol.1 17/12/2023 Books
    Dewey Decimal Classification       IDEAL INSTITUTE OF NURSING IDEAL INSTITUTE OF NURSING 17/12/2023 825.00   610.7343 KUM 30 17/12/2023 Vol.1 17/12/2023 Books
    Dewey Decimal Classification       IDEAL INSTITUTE OF NURSING IDEAL INSTITUTE OF NURSING 17/12/2023 825.00   610.7343 KUM 31 17/12/2023 Vol.1 17/12/2023 Books
    Dewey Decimal Classification       IDEAL INSTITUTE OF NURSING IDEAL INSTITUTE OF NURSING 17/12/2023 825.00   610.7343 KUM 32 17/12/2023 Vol.1 17/12/2023 Books
© Ideal Institute Of Nursing, All rights reserved.         Powered by Koha